Proof in Mathematics: An Introduction

Gespeichert in:
Bibliographische Detailangaben
1. Verfasser: Franklin
Format: Buch
Veröffentlicht: Kew Books
Tags: Tag hinzufügen
Keine Tags, Fügen Sie das erste Tag hinzu!

MARC

LEADER 00000nam a2200000Ia 4500
005 20260513122049.0
020 |a 9780646545097 
100 |a Franklin 
365 |c Rs. 
365 |b 10.00 
942 |c BK 
245 |a Proof in Mathematics: An Introduction 
260 |b Kew Books 
999 |c 5  |d 5 
952 |0 0  |1 0  |4 0  |7 0  |a UNSW  |b UNSW  |d 2026-05-08  |g 1440.00  |i 16696  |l 0  |p 000145  |r 2026-05-13 12:20:49  |v 1440.00  |w 2026-05-13  |y BK